000 00495nam a22001697a 4500
005 20251108175635.0
008 250721s2009 xx 000 0 ara d
082 1 4 _a910.4/فال
100 1 _aفالين، جورج
245 1 0 _aرحلات فالين الى جزيرة العرب /
264 1 _aبغداد :
_bالوراق للنشر المحدودة،
_c2009.
300 _a296ص.
650 1 7 _aادب الرحلات
650 1 7 _aالرحاله
942 _2ddc
_cBK
999 _c138907
_d138907